000 00270nam a2200109Ia 4500
008 190216s9999||||xx |||||||||||||| ||und||
100 _aNandakumar
245 0 _aMalayalam-Kavitha Kingini Kettiya Kadalukal
260 _bNbs Kottayam
650 _aKavithakal
942 _cBK
999 _c26124
_d26124